[Event "4NCL Division 1b"]
[Site "Hinckley Island ENG"]
[Date "2014.01.12"]
[Round "4.186"]
[White "Wall, Gavin"]
[Black "Burrows, Martin P"]
[Result "1-0"]
[WhiteElo "2320"]
[BlackElo "2126"]
[PlyCount "63"]
[EventDate "2014.01.12"]
[WhiteTeam "Guildford 2"]
[BlackTeam "Grantham Sharks 2"]

1. e4 e6 2. d4 d5 3. e5 c5 4. c3 Nc6 5. Nf3 Bd7 6. dxc5 Bxc5 7. b4 Bb6 8. Bd3
f6 9. b5 Na5 10. O-O Qc7 11. Re1 Nc4 12. Bf4 f5 13. a4 Ne7 14. Qe2 Ng6 15. Bg3
O-O 16. h4 a6 17. h5 Ne7 18. Bh4 Rfe8 19. Bxe7 Rxe7 20. Nbd2 Nxd2 21. Qxd2 Be8
22. h6 gxh6 23. bxa6 bxa6 24. Bxf5 Kh8 25. Qxh6 Bd7 26. Qf6+ Rg7 27. Bxe6 Qc5
28. Ng5 Rf8 29. Nf7+ Kg8 30. Ng5+ Bxe6 31. Qxg7+ Kxg7 32. Nxe6+ 1-0

[Event "4NCL Division 1b"]
[Site "Hinckley Island ENG"]
[Date "2014.01.12"]
[Round "4.187"]
[White "Cairns, Stephen"]
[Black "Povah, Nigel E"]
[Result "0-1"]
[WhiteElo "2023"]
[BlackElo "2287"]
[PlyCount "81"]
[EventDate "2014.01.12"]
[WhiteTeam "Grantham Sharks 2"]
[BlackTeam "Guildford 2"]

1. d4 Nf6 2. c4 e6 3. Nc3 c5 4. d5 exd5 5. cxd5 d6 6. e4 g6 7. f4 Bg7 8. Bb5+
Nfd7 9. a4 O-O 10. Nf3 Na6 11. O-O Nb4 12. Re1 a6 13. Bf1 Re8 14. h3 b6 15. Be3
Bb7 16. Bf2 Nf6 17. Bg3 Nh5 18. Bh2 Bh6 19. Qd2 Qf6 20. g3 Rad8 21. Qf2 Qg7 22.
g4 Nxf4 23. g5 Bxg5 24. Nxg5 Nfd3 25. Qh4 Nxe1 26. Rxe1 Nc2 27. Re2 Nd4 28. Rf2
Rd7 29. Bd3 c4 30. Bxc4 h6 31. Nf3 Nxf3+ 32. Rxf3 Qd4+ 33. Kg2 Qxc4 34. Qxh6
Rxe4 35. Bf4 Bxd5 36. Nxd5 Qxd5 37. Bg5 Re2+ 38. Kg3 Qe5+ 39. Rf4 Re3+ 40. Kg2
Rc7 41. Rf2 0-1

[Event "4NCL Division 1b"]
[Site "Hinckley Island ENG"]
[Date "2014.01.12"]
[Round "4.188"]
[White "Sarakauskiene, Zivile"]
[Black "Summerscale, Claire E"]
[Result "1-0"]
[WhiteElo "2168"]
[BlackElo "1955"]
[PlyCount "81"]
[EventDate "2014.01.12"]
[WhiteTeam "Guildford 2"]
[BlackTeam "Grantham Sharks 2"]

1. e4 d5 2. exd5 Qxd5 3. Nc3 Qd6 4. d4 Nf6 5. Bc4 c6 6. Nge2 e6 7. Bf4 Qd8 8.
O-O Nbd7 9. a4 Nb6 10. Bb3 Bd6 11. Qd3 O-O 12. Ne4 Nxe4 13. Qxe4 Nd5 14. Bd2
Nf6 15. Qh4 e5 16. Bg5 h6 17. Bxf6 Qxf6 18. Qxf6 gxf6 19. dxe5 Bxe5 20. c3 Be6
21. Bc2 Bc4 22. Rfe1 Rad8 23. Ng3 Rd2 24. Rac1 Bxg3 25. hxg3 Be6 26. b4 Rfd8
27. Rcd1 Kf8 28. Rc1 R8d7 29. a5 Rd8 30. Be4 Rb2 31. Rcd1 Rdd2 32. Rxd2 Rxd2
33. a6 b6 34. Bxc6 Rc2 35. Re3 Rc1+ 36. Kh2 Rc2 37. f4 f5 38. b5 Ke7 39. g4 Kf6
40. gxf5 Bxf5 41. Re8 1-0

[Event "4NCL Division 1c"]
[Site "Hinckley Island ENG"]
[Date "2014.05.04"]
[Round "10.111"]
[White "Vachier-Lagrave, Maxime"]
[Black "Conquest, Stuart C"]
[Result "1-0"]
[WhiteElo "2758"]
[BlackElo "2494"]
[PlyCount "76"]
[EventDate "2014.05.04"]
[WhiteTeam "Guildford 1"]
[BlackTeam "e2e4.org.uk 1"]

1. Nf3 e6 2. g3 b5 3. Bg2 Bb7 4. O-O Nf6 5. d3 d5 6. c4 b4 7. cxd5 Nxd5 8. a3
a5 9. axb4 Bxb4 10. Bg5 Qc8 11. Qc2 O-O 12. Rc1 Na6 13. Na3 Nb6 14. Bf4 Qe8 15.
d4 h6 16. Qd3 Qe7 17. Nc2 Nd5 18. Bd2 c5 19. Nxb4 Naxb4 20. Qb5 Ba6 21. Qxc5
Bxe2 22. Qxe7 Nxe7 23. Ne5 Rac8 24. Bc3 Nf5 25. h3 Rfd8 26. Be4 Nd6 27. Bg2 Nb5
28. Bxb4 Rxc1+ 29. Rxc1 axb4 30. Nc6 Rd6 31. d5 b3 32. Ne5 g5 33. Rc5 Kg7 34.
f4 gxf4 35. gxf4 Nd4 36. Kf2 Bh5 37. Nc4 Ra6 38. d6 Rxd6 1-0

[Event "4NCL Division 1c"]
[Site "Hinckley Island ENG"]
[Date "2014.05.04"]
[Round "10.112"]
[White "Jackson, James P"]
[Black "Giri, Anish"]
[Result "0-1"]
[WhiteElo "2283"]
[BlackElo "2745"]
[PlyCount "82"]
[EventDate "2014.05.04"]
[WhiteTeam "e2e4.org.uk 1"]
[BlackTeam "Guildford 1"]

1. e4 e5 2. Nf3 d6 3. d4 exd4 4. Nxd4 Nf6 5. Nc3 Be7 6. g3 O-O 7. Bg2 Re8 8.
O-O Bf8 9. h3 c6 10. a4 Na6 11. Re1 g6 12. Nde2 Nc5 13. Nf4 Bg7 14. Nd3 Ncd7
15. a5 Qc7 16. Be3 Rb8 17. f4 b5 18. axb6 axb6 19. g4 Nc5 20. Bf2 Bb7 21. Qd2
Rbd8 22. Nxc5 bxc5 23. g5 Nd7 24. Na4 Nf8 25. c3 Ba6 26. Qc2 Bb5 27. h4 Ra8 28.
Red1 Ne6 29. Be3 d5 30. exd5 cxd5 31. Bxd5 Nxf4 32. Bxf4 Qxf4 33. Bxa8 Re2 34.
Rd8+ Bf8 35. Qxe2 Bxe2 36. Re8 Qg3+ 37. Kh1 Qxh4+ 38. Kg2 Qxg5+ 39. Kf2 Bb5 40.
Re4 Bd6 41. c4 Qd2+ 0-1

[Event "4NCL Division 1c"]
[Site "Hinckley Island ENG"]
[Date "2014.05.04"]
[Round "10.114"]
[White "Sowray, Peter J"]
[Black "Short, Nigel D"]
[Result "0-1"]
[WhiteElo "2331"]
[BlackElo "2661"]
[PlyCount "44"]
[EventDate "2014.05.04"]
[WhiteTeam "e2e4.org.uk 1"]
[BlackTeam "Guildford 1"]

1. d4 Nf6 2. c4 e6 3. Nc3 Bb4 4. e3 c5 5. Nge2 d6 6. a3 Ba5 7. Ng3 O-O 8. d5 a6
9. e4 b5 10. Be2 bxc4 11. O-O exd5 12. Nxd5 Nxd5 13. Qxd5 Ra7 14. Bf4 Be6 15.
Qxd6 Rb7 16. Rac1 Qxd6 17. Bxd6 Rd8 18. e5 Rxb2 19. Bxc5 Bd2 20. Rb1 c3 21. Ra1
c2 22. Bd6 Rc8 0-1

[Event "4NCL Division 1c"]
[Site "Hinckley Island ENG"]
[Date "2014.05.04"]
[Round "10.115"]
[White "Edouard, Romain"]
[Black "Koneski, Zoran"]
[Result "1-0"]
[WhiteElo "2670"]
[BlackElo "2226"]
[PlyCount "69"]
[EventDate "2014.05.04"]
[WhiteTeam "Guildford 1"]
[BlackTeam "e2e4.org.uk 1"]

1. d4 g6 2. e4 Bg7 3. c4 d6 4. Nc3 Nc6 5. Nge2 e5 6. d5 Nce7 7. h4 h5 8. Ng3
Nf6 9. Bd3 c5 10. Nf1 Bd7 11. Be2 a6 12. a4 b6 13. g3 Rb8 14. Ne3 Qc8 15. Bd2
Ng4 16. f3 Nxe3 17. Bxe3 Ng8 18. f4 Nh6 19. f5 gxf5 20. Bxh5 Ng4 21. Bxg4 fxg4
22. h5 Qd8 23. h6 Bf8 24. Qd2 Qf6 25. O-O-O b5 26. axb5 axb5 27. cxb5 Bxb5 28.
Nxb5 Rxb5 29. Qe2 Rb4 30. Qxg4 Bxh6 31. Rxh6 Rxh6 32. Bg5 Qxg5+ 33. Qxg5 Rh2
34. Qg8+ Ke7 35. Rf1 1-0

[Event "4NCL Division 1c"]
[Site "Hinckley Island ENG"]
[Date "2014.05.04"]
[Round "10.116"]
[White "Mladenov, Iliyan D"]
[Black "Sadler, Matthew D"]
[Result "0-1"]
[WhiteElo "2242"]
[BlackElo "2649"]
[PlyCount "82"]
[EventDate "2014.05.04"]
[WhiteTeam "e2e4.org.uk 1"]
[BlackTeam "Guildford 1"]

1. d4 Nf6 2. Nf3 e6 3. c4 b6 4. Nc3 Bb4 5. Bd2 Bb7 6. e3 O-O 7. Bd3 d5 8. O-O
dxc4 9. Bxc4 Nbd7 10. Qe2 a6 11. a3 Bd6 12. Rfd1 b5 13. Ba2 c5 14. dxc5 Nxc5
15. Be1 Qe7 16. Rac1 Rac8 17. Nd2 Ba8 18. Nf1 Bb7 19. Nd2 Bb8 20. Nf1 Rfe8 21.
b4 Nce4 22. Nxe4 Nxe4 23. f3 Nf6 24. e4 Nh5 25. g3 g6 26. Ne3 Qg5 27. Rxc8 Rxc8
28. Ng2 Ba7+ 29. Bf2 Bxf2+ 30. Kxf2 Nf6 31. Qb2 Bxe4 32. fxe4 Qh5 33. Re1 Ng4+
34. Ke2 Nxh2+ 35. Kf2 Ng4+ 36. Ke2 Ne5+ 37. Ke3 Qf3+ 38. Kd4 Qxg3 39. Re3 Nf3+
40. Kd3 Rd8+ 41. Kc3 Qc7+ 0-1

[Event "4NCL Division 1c"]
[Site "Hinckley Island ENG"]
[Date "2014.05.04"]
[Round "10.117"]
[White "Van Kampen, Robin"]
[Black "Evans, Raymond G"]
[Result "1-0"]
[WhiteElo "2630"]
[BlackElo "2155"]
[PlyCount "79"]
[EventDate "2014.05.04"]
[WhiteTeam "Guildford 1"]
[BlackTeam "e2e4.org.uk 1"]

1. e4 c5 2. Nf3 Nc6 3. Bb5 g6 4. Bxc6 bxc6 5. O-O Bg7 6. Re1 Nh6 7. c3 O-O 8.
d4 cxd4 9. cxd4 f6 10. Nc3 d6 11. h3 Nf7 12. Be3 Bd7 13. Qc2 a5 14. Rac1 Qc8
15. b3 Qa6 16. h4 Nh6 17. Nh2 f5 18. Qd2 Nf7 19. e5 Be6 20. Bf4 dxe5 21. dxe5
Rfd8 22. Qe3 Bd5 23. Nf3 Bxf3 24. Qxf3 Rd3 25. Qe2 Rad8 26. Na4 Qb5 27. Nc5
R3d5 28. Qxb5 cxb5 29. Ne6 Rb8 30. Nc7 Rd4 31. g3 a4 32. Rc5 axb3 33. axb3 b4
34. e6 Nd6 35. Nd5 Re8 36. Bxd6 exd6 37. Rb5 Re4 38. Rxe4 fxe4 39. e7 Bc3 40.
Rb6 1-0

[Event "4NCL Division 1c"]
[Site "Hinckley Island ENG"]
[Date "2014.05.04"]
[Round "10.118"]
[White "Norinkeviciute, Rasa"]
[Black "Stefanova, Antoaneta"]
[Result "0-1"]
[WhiteElo "2025"]
[BlackElo "2489"]
[PlyCount "82"]
[EventDate "2014.05.04"]
[WhiteTeam "e2e4.org.uk 1"]
[BlackTeam "Guildford 1"]

1. c4 g6 2. g3 Bg7 3. Bg2 e5 4. Nc3 d6 5. d3 c6 6. e4 a6 7. a4 a5 8. Nge2 Nf6
9. O-O O-O 10. h3 Be6 11. f4 Qd7 12. g4 exf4 13. Nxf4 Na6 14. Be3 Ne8 15. Rc1
Nec7 16. Qe2 Qe7 17. d4 Bd7 18. Qd2 Nb4 19. Rcd1 Rae8 20. Rfe1 Bc8 21. b3 Qd7
22. Na2 Nca6 23. Nc3 Nc7 24. Na2 Nxa2 25. Qxa2 Na6 26. Qd2 Qc7 27. Qf2 Nb4 28.
Nd3 Nxd3 29. Rxd3 f5 30. exf5 gxf5 31. g5 f4 32. Bd2 Rxe1+ 33. Bxe1 Qe7 34. h4
Bf5 35. Rd1 f3 36. Bf1 b6 37. Bc3 Qe4 38. Kh1 Qg4 39. Bd3 Qh3+ 40. Kg1 Bxd3 41.
Rxd3 Rf4 0-1

[Event "4NCL Division 1c"]
[Site "Hinckley Island ENG"]
[Date "2014.05.04"]
[Round "10.121"]
[White "Hawkins, Jonathan"]
[Black "Adams, Michael"]
[Result "1/2-1/2"]
[WhiteElo "2518"]
[BlackElo "2753"]
[PlyCount "52"]
[EventDate "2014.05.04"]
[WhiteTeam "Cheddleton 1"]
[BlackTeam "Wood Green HK 1"]

1. d4 Nf6 2. c4 e6 3. Nc3 Bb4 4. e3 b6 5. Nge2 c5 6. a3 Ba5 7. Rb1 Na6 8. Ng3
Bb7 9. f3 O-O 10. Bd3 d5 11. O-O dxc4 12. Bxc4 Bxc3 13. bxc3 Rc8 14. Qe2 Nb8
15. Bb2 Nd5 16. Rfc1 Qg5 17. f4 Qe7 18. f5 Qg5 19. fxe6 fxe6 20. Rf1 Kh8 21.
Rxf8+ Rxf8 22. Rf1 Nd7 23. Rxf8+ Nxf8 24. e4 Nf6 25. Qe1 cxd4 26. cxd4 h5
1/2-1/2

[Event "4NCL Division 1c"]
[Site "Hinckley Island ENG"]
[Date "2014.05.04"]
[Round "10.123"]
[White "Ziska, Helgi D"]
[Black "Howell, David WL"]
[Result "1/2-1/2"]
[WhiteElo "2484"]
[BlackElo "2654"]
[PlyCount "108"]
[EventDate "2014.05.04"]
[WhiteTeam "Cheddleton 1"]
[BlackTeam "Wood Green HK 1"]

1. e4 c6 2. Nc3 d5 3. Nf3 Bg4 4. h3 Bxf3 5. Qxf3 Nf6 6. d3 e6 7. Bd2 Bb4 8. a3
Ba5 9. g4 d4 10. Nb1 e5 11. g5 Nfd7 12. Qg3 c5 13. h4 Nc6 14. Bh3 Nf8 15. h5
Ne6 16. Bxe6 fxe6 17. h6 g6 18. b4 Bc7 19. b5 Nb8 20. a4 c4 21. Na3 c3 22. Bc1
O-O 23. Nc4 Nd7 24. Ba3 Rf4 25. Rh4 Nb6 26. Rxf4 exf4 27. Qg4 Qd7 28. Nxb6 axb6
29. Bb4 Kf7 30. Ke2 Ra7 31. Kf3 Qd8 32. Kg2 Be5 33. Kf3 Qa8 34. a5 Qe8 35. Rb1
Qxb5 36. Rb3 Qc6 37. Bxc3 dxc3 38. d4 Bxd4 39. Qxf4+ Ke7 40. Rxb6 Bxb6 41. Qf6+
Kd6 42. Qf8+ Kc7 43. Qf7+ Kb8 44. axb6 Ra5 45. Qxh7 Rf5+ 46. Kg3 Rxg5+ 47. Kf4
Rh5 48. Qg8+ Qc8 49. h7 e5+ 50. Kf3 g5 51. Kg2 Rh4 52. Kg1 Rg4+ 53. Kf1 Rh4 54.
Kg1 Rh5 1/2-1/2

[Event "4NCL Division 1c"]
[Site "Hinckley Island ENG"]
[Date "2014.05.04"]
[Round "10.124"]
[White "Laznicka, Viktor"]
[Black "Colovic, Aleksandar"]
[Result "1/2-1/2"]
[WhiteElo "2673"]
[BlackElo "2477"]
[PlyCount "53"]
[EventDate "2014.05.04"]
[WhiteTeam "Wood Green HK 1"]
[BlackTeam "Cheddleton 1"]

1. d4 d5 2. c4 e6 3. Nc3 Be7 4. cxd5 exd5 5. Bf4 Nf6 6. e3 Bf5 7. h3 c6 8. g4
Bg6 9. Nf3 Nbd7 10. Bg2 Ne4 11. O-O O-O 12. Ne2 Qb6 13. b3 Rfe8 14. Bh2 Bd6 15.
Nf4 Qa6 16. Kh1 Rad8 17. Nh4 Nf8 18. f3 Nf6 19. Qd2 Ne6 20. Rad1 Nxf4 21. Bxf4
Bxf4 22. exf4 Re2 23. Qb4 Bd3 24. Rfe1 Rde8 25. Rxe2 Bxe2 26. Re1 g6 27. Qd6
1/2-1/2

[Event "4NCL Division 1c"]
[Site "Hinckley Island ENG"]
[Date "2014.05.04"]
[Round "10.125"]
[White "Arkell, Keith CC"]
[Black "Hammer, Jon Ludvig"]
[Result "0-1"]
[WhiteElo "2461"]
[BlackElo "2647"]
[PlyCount "66"]
[EventDate "2014.05.04"]
[WhiteTeam "Cheddleton 1"]
[BlackTeam "Wood Green HK 1"]

1. d4 Nf6 2. Nf3 d5 3. c4 e6 4. Nc3 Bb4 5. Qa4+ Nc6 6. a3 Bxc3+ 7. bxc3 Ne4 8.
Qc2 Nd6 9. c5 Ne4 10. e3 O-O 11. Bd3 b6 12. O-O Na5 13. a4 Bb7 14. Ba3 Re8 15.
Rfb1 Rb8 16. Bb4 Nc4 17. Bxe4 dxe4 18. Nd2 Nxd2 19. Qxd2 Ba6 20. cxb6 cxb6 21.
Rc1 Bc4 22. a5 b5 23. a6 Rc8 24. Qc2 Qd5 25. Bc5 Rc7 26. Qb2 e5 27. Ra5 Qd7 28.
Qb4 Re6 29. h3 Rg6 30. Kh2 Rcc6 31. Rg1 Rcf6 32. dxe5 Rxf2 33. Raa1 Qd2 0-1

[Event "4NCL Division 1c"]
[Site "Hinckley Island ENG"]
[Date "2014.05.04"]
[Round "10.126"]
[White "Rowson, Jonathan W"]
[Black "Eggleston, David J"]
[Result "1-0"]
[WhiteElo "2569"]
[BlackElo "2402"]
[PlyCount "85"]
[EventDate "2014.05.04"]
[WhiteTeam "Wood Green HK 1"]
[BlackTeam "Cheddleton 1"]

1. e4 c5 2. c3 Qa5 3. f4 Nf6 4. d3 d5 5. e5 Nfd7 6. Nf3 e6 7. Be2 Nc6 8. O-O b5
9. Be3 Be7 10. Nbd2 O-O 11. d4 b4 12. c4 cxd4 13. Nxd4 Nxd4 14. Bxd4 Bb7 15.
Bf3 Nb6 16. Nb3 Qa4 17. f5 f6 18. Bxb6 axb6 19. cxd5 fxe5 20. fxe6 Rad8 21. Be4
g6 22. Rxf8+ Rxf8 23. Qc2 Rc8 24. Qf2 Rf8 25. Qxb6 Qa8 26. Qa5 Ba6 27. Qc7 Bd8
28. Qxe5 Qa7+ 29. Kh1 Bf6 30. Qg3 Bxb2 31. Rb1 Bc4 32. h4 Bg7 33. Rc1 Bc3 34.
h5 Qg7 35. hxg6 Kh8 36. Qh4 h6 37. e7 Re8 38. d6 Bb5 39. Nc5 Bd2 40. Rd1 Bg5
41. Qf2 Bxe7 42. dxe7 Qxe7 43. Qd4+ 1-0

[Event "4NCL Division 1c"]
[Site "Hinckley Island ENG"]
[Date "2014.05.04"]
[Round "10.128"]
[White "Cramling, Pia"]
[Black "Steil-Antoni, Fiona"]
[Result "1-0"]
[WhiteElo "2507"]
[BlackElo "2172"]
[PlyCount "62"]
[EventDate "2014.05.04"]
[WhiteTeam "Wood Green HK 1"]
[BlackTeam "Cheddleton 1"]

1. Nf3 d5 2. d4 Nf6 3. c4 e6 4. Nc3 Be7 5. Bf4 c6 6. e3 O-O 7. h3 Re8 8. Be2
Nbd7 9. O-O Nf8 10. Qc2 Ng6 11. Bh2 Bd6 12. Ne5 dxc4 13. Bxc4 Bxe5 14. dxe5 Nd5
15. Ne4 Qa5 16. a3 Qc7 17. Nd6 Rd8 18. Rfd1 Qe7 19. Qe2 Rb8 20. Qf3 Bd7 21. e4
Nb6 22. Bb3 Nc8 23. Qe3 b6 24. f4 Nf8 25. f5 Nxd6 26. f6 gxf6 27. exd6 Qe8 28.
Rf1 f5 29. Qg5+ Ng6 30. h4 h5 31. exf5 exf5 1-0

[Event "4NCL Division 1c"]
[Site "Hinckley Island ENG"]
[Date "2014.05.04"]
[Round "10.131"]
[White "Williams, Samuel G"]
[Black "Hebden, Mark L"]
[Result "0-1"]
[WhiteElo "2259"]
[BlackElo "2545"]
[PlyCount "80"]
[EventDate "2014.05.04"]
[WhiteTeam "Grantham Sharks 1"]
[BlackTeam "Guildford 2"]

1. d4 Nf6 2. c4 g6 3. Nc3 Bg7 4. e4 d6 5. Nf3 O-O 6. Be2 e5 7. O-O Nc6 8. d5
Ne7 9. b4 Ne8 10. c5 f5 11. Nd2 Nf6 12. a4 Bh6 13. a5 Bxd2 14. Bxd2 Nxe4 15.
Nxe4 fxe4 16. Bg5 Qe8 17. Rc1 Nf5 18. b5 Nd4 19. b6 cxb6 20. cxd6 Bd7 21. Rc7
Rf7 22. Bg4 bxa5 23. Be7 Nf5 24. Qa1 Nxd6 25. Bxd7 Qxe7 26. Rfc1 Kf8 27. Be6
Qxc7 28. Rxc7 Rxc7 29. h4 Nf7 30. Qxa5 Re7 31. h5 b6 32. Qd2 a5 33. hxg6 hxg6
34. f4 exf3 35. gxf3 a4 36. Qh2 Kg7 37. Qh4 Raa7 38. Qg3 a3 39. Bf5 a2 40.
Qxg6+ Kf8 0-1

[Event "4NCL Division 1c"]
[Site "Hinckley Island ENG"]
[Date "2014.05.04"]
[Round "10.133"]
[White "Ghasi, Ameet K"]
[Black "Smerdon, David"]
[Result "0-1"]
[WhiteElo "2465"]
[BlackElo "2510"]
[PlyCount "106"]
[EventDate "2014.05.04"]
[WhiteTeam "Grantham Sharks 1"]
[BlackTeam "Guildford 2"]

1. Nf3 f5 2. d4 e6 3. Bg5 Nf6 4. Nbd2 Be7 5. c3 O-O 6. h4 b6 7. Bxf6 Bxf6 8. e4
d5 9. e5 Be7 10. Bd3 c5 11. Qe2 a5 12. g4 fxg4 13. Ng5 Bxg5 14. hxg5 Qxg5 15.
Bxh7+ Kf7 16. Rg1 Ba6 17. Rxg4 Qh6 18. Bd3 cxd4 19. cxd4 Bxd3 20. Qxd3 Nc6 21.
Ke2 Ke7 22. Rag1 Rf7 23. Qa3+ Nb4 24. Qg3 Qh5 25. a3 Nc6 26. Ke3 Kd7 27. Rxg7
Rxg7 28. Qxg7+ Ne7 29. Qg4 Qh6+ 30. Ke2 Rg8 31. Qxg8 Nxg8 32. Rxg8 Qf4 33. Rg7+
Ke8 34. Kd3 Qf5+ 35. Ke2 Qc2 36. b3 Qb2 37. Kd3 Qxa3 38. Rb7 Qb4 39. f4 Kd8 40.
Ra7 Qb5+ 41. Ke3 Qb4 42. Kd3 Ke8 43. Rb7 Qb5+ 44. Ke3 Qc6 45. Rb8+ Kd7 46. Kd3
b5 47. Rh8 b4 48. Rh7+ Kd8 49. Rh8+ Ke7 50. Rh7+ Kf8 51. Rh6 Kg7 52. Rf6 a4 53.
bxa4 b3 0-1

[Event "4NCL Division 1c"]
[Site "Hinckley Island ENG"]
[Date "2014.05.04"]
[Round "10.134"]
[White "Zhou, Yang-Fan"]
[Black "Roberson, Peter T"]
[Result "0-1"]
[WhiteElo "2478"]
[BlackElo "2395"]
[PlyCount "122"]
[EventDate "2014.05.04"]
[WhiteTeam "Guildford 2"]
[BlackTeam "Grantham Sharks 1"]

1. e4 e6 2. d4 d5 3. Nc3 Nf6 4. e5 Nfd7 5. Nf3 c5 6. dxc5 Nc6 7. Bf4 Bxc5 8.
Bd3 f6 9. exf6 Nxf6 10. Qe2 O-O 11. O-O-O Bd7 12. h4 a6 13. h5 h6 14. Rh4 b5
15. Qd2 b4 16. Nb1 Be8 17. Qe2 Qe7 18. Bg6 Bxg6 19. hxg6 Ne4 20. Be3 Bxe3+ 21.
Qxe3 Rxf3 22. gxf3 Qxh4 23. fxe4 d4 24. Qe2 Qg5+ 25. Nd2 Ne5 26. Kb1 Rf8 27.
Qxa6 Qxg6 28. Qd6 Rxf2 29. Qxd4 Qh5 30. Kc1 Re2 31. Qxb4 Qg5 32. Kb1 h5 33. a4
h4 34. a5 Nc6 35. Qc4 Rxd2 36. Rxd2 Qxd2 37. Qxc6 Qe1+ 38. Ka2 Qxa5+ 39. Kb1
Qe5 40. Qd7 Kh7 41. Qd3 Qg3 42. Qd1 Kg6 43. Qd7 Qg4 44. b4 h3 45. Qd6 Kh7 46.
Qe5 Qh4 47. Qh2 g5 48. Ka2 Kg6 49. b5 Qxe4 50. Qxh3 Qa4+ 51. Kb2 Qxb5+ 52. Kc1
Qc4 53. Kd2 Qd4+ 54. Ke2 Qe4+ 55. Kd2 g4 56. Qh4 Qf4+ 57. Ke2 Qf3+ 58. Kd2 g3
59. Qh8 Qf2+ 60. Kd3 Qf3+ 61. Kd2 Qd5+ 0-1

[Event "4NCL Division 1c"]
[Site "Hinckley Island ENG"]
[Date "2014.05.04"]
[Round "10.135"]
[White "Grund, Holger"]
[Black "Sarakauskas, Gediminas"]
[Result "1/2-1/2"]
[WhiteElo "2418"]
[BlackElo "2402"]
[PlyCount "166"]
[EventDate "2014.05.04"]
[WhiteTeam "Grantham Sharks 1"]
[BlackTeam "Guildford 2"]

1. e4 c5 2. Nf3 e6 3. c3 Nf6 4. e5 Nd5 5. d4 cxd4 6. cxd4 d6 7. a3 Bd7 8. Bd3
Bc6 9. O-O Nd7 10. Nbd2 dxe5 11. dxe5 Nc5 12. Bc4 Nb6 13. Be2 Rc8 14. b3 Nd3
15. a4 Nxc1 16. Rxc1 Ba3 17. Nc4 Nxc4 18. Rxc4 O-O 19. Nd4 Bd5 20. Rxc8 Qxc8
21. Nb5 Bc5 22. Bf3 Rd8 23. Bxd5 Rxd5 24. Qe2 Qd7 25. Nc3 Rd2 26. Qc4 Bb6 27.
Ne4 Rd4 28. Qc2 Qc7 29. Qxc7 Bxc7 30. Ng5 h6 31. Nf3 Rd3 32. Rb1 Rd5 33. Rc1
Bxe5 34. Nxe5 Rxe5 35. g3 Re4 36. Rc8+ Kh7 37. Rc7 Rb4 38. Rxf7 Rxb3 39. Re7
Ra3 40. Rxb7 Rxa4 41. Re7 Ra6 42. g4 Kg6 43. Kg2 Kf6 44. Rb7 Ra1 45. h4 a5 46.
g5+ hxg5 47. hxg5+ Kxg5 48. Rxg7+ Kf6 49. Ra7 Ke5 50. Ra6 Kd5 51. f4 a4 52. Kf3
a3 53. Kg2 a2 54. Ra4 Kc5 55. Ra8 Kd4 56. Ra6 Kd5 57. Ra4 Kd6 58. Ra7 Kc6 59.
Ra8 Kd7 60. Ra7+ Kd6 61. Ra5 Ke7 62. Ra7+ Kf6 63. Ra5 Kg6 64. Kh2 Rf1 65. Rxa2
Rxf4 66. Kg3 Kf5 67. Ra5+ e5 68. Ra8 Rb4 69. Kf3 Rb3+ 70. Ke2 Kf4 71. Rf8+ Ke4
72. Re8 Rb2+ 73. Ke1 Kd4 74. Ra8 Rb3 75. Ke2 Rb2+ 76. Ke1 e4 77. Ra4+ Ke5 78.
Ra3 Kf4 79. Kf1 Rh2 80. Rb3 Rh8 81. Kf2 Rd8 82. Ke2 Rd7 83. Rb8 Ke5 1/2-1/2

[Event "4NCL Division 1c"]
[Site "Hinckley Island ENG"]
[Date "2014.05.04"]
[Round "10.136"]
[White "Flear, Glenn C"]
[Black "Mangione, Claudio"]
[Result "1-0"]
[WhiteElo "2488"]
[BlackElo "2202"]
[PlyCount "57"]
[EventDate "2014.05.04"]
[WhiteTeam "Guildford 2"]
[BlackTeam "Grantham Sharks 1"]

1. d4 g6 2. e4 Bg7 3. c4 d6 4. Nc3 c6 5. Be2 Nd7 6. Nf3 e5 7. O-O Ngf6 8. Qc2
O-O 9. Rd1 exd4 10. Nxd4 Qe7 11. Bf4 Ne5 12. Qd2 Rd8 13. Rac1 a6 14. Bg5 Be6
15. b3 c5 16. Nc2 Qf8 17. Qf4 Nh5 18. Qh4 f6 19. Be3 f5 20. Bxh5 gxh5 21. Nd5
Qf7 22. Bg5 Rf8 23. exf5 Bxf5 24. Nce3 Ng6 25. Qxh5 Be6 26. Rd2 b5 27. Ng4 Kh8
28. Ndf6 h6 29. Nxh6 1-0

[Event "4NCL Division 1c"]
[Site "Hinckley Island ENG"]
[Date "2014.05.04"]
[Round "10.138"]
[White "Ciuksyte, Dagne"]
[Black "MacQueen, Calum"]
[Result "1-0"]
[WhiteElo "2338"]
[BlackElo "2230"]
[PlyCount "55"]
[EventDate "2014.05.04"]
[WhiteTeam "Guildford 2"]
[BlackTeam "Grantham Sharks 1"]

1. e4 c5 2. Nf3 Nc6 3. d4 cxd4 4. Nxd4 e5 5. Nb5 d6 6. c4 Be7 7. N1c3 a6 8. Na3
f5 9. exf5 Bxf5 10. Bd3 Be6 11. O-O Nf6 12. Nc2 O-O 13. Bg5 Qd7 14. Qe2 Rae8
15. Rad1 Kh8 16. b4 Ng4 17. Ne4 a5 18. b5 Nd4 19. Nxd4 exd4 20. Bb1 Bf5 21. Bf4
Bh4 22. Rxd4 Nxf2 23. Rxf2 Bxf2+ 24. Qxf2 Bxe4 25. Rxe4 g5 26. Qd4+ Qg7 27.
Qxg7+ Kxg7 28. Bxd6 1-0

[Event "4NCL Division 1c"]
[Site "Hinckley Island ENG"]
[Date "2014.05.04"]
[Round "10.141"]
[White "Morrison, Graham"]
[Black "Wells, Peter K"]
[Result "1/2-1/2"]
[WhiteElo "2357"]
[BlackElo "2464"]
[PlyCount "48"]
[EventDate "2014.05.04"]
[WhiteTeam "Barbican 4NCL 2"]
[BlackTeam "White Rose 1"]

1. d4 Nf6 2. c4 e6 3. Nf3 d5 4. Nc3 c6 5. e3 Nbd7 6. Qc2 Bd6 7. Bd3 O-O 8. O-O
dxc4 9. Bxc4 b5 10. Be2 Bb7 11. Rd1 Qc7 12. e4 e5 13. Bg5 exd4 14. Rxd4 Ne5 15.
g3 Nxf3+ 16. Bxf3 Be5 17. Rd3 Rad8 18. Bxf6 gxf6 19. Rad1 Bc8 20. Rxd8 Rxd8 21.
Rxd8+ Qxd8 22. Nd1 Qd6 23. Ne3 Be6 24. b3 a6 1/2-1/2

[Event "4NCL Division 1c"]
[Site "Hinckley Island ENG"]
[Date "2014.05.04"]
[Round "10.142"]
[White "Adair, James R"]
[Black "Buchicchio, Giampaolo"]
[Result "0-1"]
[WhiteElo "2424"]
[BlackElo "2343"]
[PlyCount "60"]
[EventDate "2014.05.04"]
[WhiteTeam "White Rose 1"]
[BlackTeam "Barbican 4NCL 2"]

1. e4 c5 2. Nf3 e6 3. d4 cxd4 4. Nxd4 Nf6 5. Nc3 Nc6 6. Nxc6 bxc6 7. e5 Nd5 8.
Ne4 Qc7 9. f4 Qb6 10. c4 Bb4+ 11. Ke2 Ba6 12. Kf3 f5 13. exf6 Nxf6 14. c5 Qa5
15. Nd6+ Ke7 16. Bxa6 Qxa6 17. Be3 Nd5 18. Bd4 Rhf8 19. g3 g5 20. a3 Ba5 21. f5
Bc7 22. Be5 Kd8 23. g4 exf5 24. Qd2 h6 25. h4 Qa4 26. b4 Qb3+ 27. Ke2 Re8 28.
Nxe8 Bxe5 29. Nd6 Nf4+ 30. Kf2 Bd4+ 0-1

[Event "4NCL Division 1c"]
[Site "Hinckley Island ENG"]
[Date "2014.05.04"]
[Round "10.143"]
[White "Twyble, Michael S"]
[Black "Palliser, Richard JD"]
[Result "0-1"]
[WhiteElo "2268"]
[BlackElo "2448"]
[PlyCount "110"]
[EventDate "2014.05.04"]
[WhiteTeam "Barbican 4NCL 2"]
[BlackTeam "White Rose 1"]

1. d4 Nf6 2. c4 e6 3. Nc3 Bb4 4. e3 O-O 5. Nge2 c6 6. a3 Ba5 7. Ng3 d5 8. Qc2
Nbd7 9. cxd5 exd5 10. Bd3 Re8 11. O-O Nf8 12. Bd2 Bc7 13. Nce2 h5 14. f3 h4 15.
Nh1 Ne6 16. Nf2 Qd6 17. f4 a5 18. Kh1 Nf8 19. Rae1 Ng4 20. Nxg4 Bxg4 21. Ng1
Nd7 22. Nf3 Bxf3 23. Rxf3 Re6 24. Rh3 Rh6 25. Rf1 Re8 26. Qd1 Bd8 27. Be1 Qe6
28. Qf3 a4 29. f5 Qd6 30. Qd1 b5 31. Qg4 Nf6 32. Qf4 Qxf4 33. Rxf4 Ne4 34. Bxe4
Rxe4 35. Rxe4 dxe4 36. g3 Rh5 37. gxh4 Rxf5 38. Kg2 g6 39. Bg3 Rf3 40. Bf4 Rxh3
41. Kxh3 f5 42. Bg5 Bc7 43. Kg2 Kf7 44. h3 Ke6 45. Kf2 Kd5 46. Ke2 Kc4 47. Kd2
Kb3 48. Kc1 Bd6 49. Bh6 c5 50. dxc5 Bxc5 51. Bg5 Bd6 52. Bf6 f4 53. exf4 Bxf4+
54. Kd1 Be3 55. Ke2 Bc1 0-1